000 01352njm a2200313 i 4500
001 4563
003 ES-MaACL
005 20240619063042.0
007 s|r|||||||||||
008 041203s1981 sp ||| g ||||||||1|nspa d
245 0 0 _aPresentación de la nueva edición de las "Obras de Joaquín Costa"
_h[Grabación sonora] /
_cintervienen Fernando Chueca Goitia, Matías Vallés, George J.G. Cheyne, Jesús Delgado, José-María Pisa.
260 _aMadrid :
_bAteneo de Madrid,
_c1981.
300 _a2 discos (CD-DA) (2 h.) ;
_c12 cm.
500 _aDatos basados en invitación.
518 _aActo organizado por el Ateneo de Madrid en colaboración con Guara Editorial, grabado en el salón de actos el miércoles 9 de diciembre de 1981, a las 20:00 h.
600 1 4 _aCosta, Joaquín,
_d1846-1911
_941054
610 2 4 _aAteneo de Madrid-
_xActos culturales-
_y1981-
_vGrabaciones sonoras.
_91893
700 1 _aChueca Goitia, Fernando,
_d1911-2004
_938688
700 1 _aVallés, Matías.
_9112883
700 1 _aCheyne, George J. G.
_938445
700 1 _aDelgado, Jesús.
_943409
700 1 _aPisa, José María.
_992361
710 2 _aAteneo de Madrid.
_91875
710 2 _aGuara Editorial.
_94551
852 _aES-MaACL
_jROT 4/6/36
_94680
_cROT
852 _aES-MaACL
_jROT 4/6/37
_9203581
_cROT
942 _2udc
999 _c4563
_d4563